Normal view
MARC view
- MICROSOFT ACCESS 2000-DESKTOP EDITION
Entry Topical Term
001 - CONTROL NUMBER
- control field: 80583
003 - CONTROL NUMBER IDENTIFIER
- control field: NUST
005 - DATE AND TIME OF LATEST TRANSACTION
- control field: 20210628210707.0
008 - FIXED-LENGTH DATA ELEMENTS
- fixed length control field: 210628|| aca||aabn | a|a d
040 ## - CATALOGING SOURCE
- Original cataloging agency: NUST
- Transcribing agency: NUST
150 ## - HEADING--TOPICAL TERM
- Topical term or geographic name entry element: MICROSOFT ACCESS 2000-DESKTOP EDITION
670 ## - SOURCE DATA FOUND
- Source citation: Work cat.: (NUST): Getz, Ken Litwin, Paul Gilbert, Mike 80582, Access 2000 developer's handbook volume 1: desktop edition, 1999
